000 00485nam a2200193Ia 4500
003 GCL
008 140319s9999 xx 000 0 eng d
040 _aGCL /
_cGCL
082 0 4 _aCC
_b582.16
_bC V
100 1 _aCOOPER. J.I.
245 1 0 _aVIRUS DISEASES OF TREES AND SHRUBS /
_cCOOPER. J.I.
260 _a[S.N] :
_bCHAPMAN & HALL ،
_c1993
300 _a205 P P
650 0 4 _aENVIRONMENT
650 0 4 _aVIROLOGY
650 0 4 _aBOTANY
650 0 4 _aMICROBIOLOGY
942 _2ddc
_cBK
999 _c16790
_d16790